000 00595nam a22001457a 4500
020 _a978-0-19-2-72842-5
082 _a823
_bOSE/S
100 _aOWEN LAURA
245 _aWINNIE'S BIG CATCH
260 _aNEW YORK
_bOXFORD UNIVERSIY PRESS
_c2009
300 _a95
520 _a, Winnie joins the little ordinaries from the local team in a football match against the Boggle-End Rovers and finds herself being tackled by Big Doris; and in 'Winnie's Big Catch', Winnie and Wilbur go fishing with Captain Stinky Stan and end up reeling in something awfully big!
650 _aSHORT STORY
942 _cBK
999 _c6204
_d6204